| 000 | 00981nam a2200277Ia 4500 | ||
|---|---|---|---|
| 003 | OSt | ||
| 005 | 20241121152342.0 | ||
| 008 | 210716s1989 xx 000 0 und d | ||
| 020 | _a9780201066456 | ||
| 040 | _cAIMIT LIBRARY | ||
| 041 | _aeng | ||
| 082 |
_a005.74 _bDUTA |
||
| 100 |
_aDutka, Alan F. _9185809 |
||
| 245 |
_aFundamentals of data normalization / _cBy Dutka, Alan F and Hanson, Howard H. |
||
| 250 | _a1 | ||
| 260 |
_aNew York : _bAddison wesley Publishing Company , _c1989. |
||
| 300 |
_aviii,196 p.; _bPB _c24.5 cm. |
||
| 650 |
_aIntroduction to data normalization _9185810 |
||
| 650 |
_aFirst second and third normal forms _9185811 |
||
| 650 |
_aBoyce codd and fourth normal forms _9185812 |
||
| 650 |
_aCase study in data normalization _9185813 |
||
| 650 |
_aRole of keys in data normalization _9185814 |
||
| 650 |
_aAdvanced normalization theory _9185815 |
||
| 650 |
_aImplementing a human resources database _9185816 |
||
| 942 |
_2ddc _cBK _k005.74 DUTA |
||
| 999 |
_c180829 _d180829 |
||